Ritratto a tinte forti /

Guardat en:
Dades bibliogràfiques
Autors principals: Corso, Carla (Autor), Landi, Sandra (Autor)
Format: Llibre
Idioma:italià
Publicat: Firenze : Giunti, ©1991,
Col·lecció:Astrea ; 34
Matèries:
Etiquetes: Afegir etiqueta
Sense etiquetes, Sigues el primer a etiquetar aquest registre!

MARC

LEADER 00000nam a2200000 i 4500
001 IT\ICCU\BVE\0007337
003 ItRI
005 20260115231859.0
008 910619s1991 it |||||| ||||| |||||c
020 |a 8809603729 
040 |b ita  |c importazione bologna sebina 
041 7 |a ita  |2 ISO-639-2 
082 |a 853.914  |9 NARRATIVA ITALIANA. 1945-  |2 12 
100 1 |a Corso, Carla  |0 IT\ICCU\CFIV\104032  |4 aut 
245 1 0 |a Ritratto a tinte forti /  |c Carla Corso, Sandra Landi ; prefazione Dacia Maraini ; introduzione Sandra Landi. 
260 |a Firenze :  |b Giunti,  |c ©1991,  |g (stampa 1990) 
300 |a 293 p. ;  |c 20 cm. 
650 7 |a CORSO, CARLA  |x Autobiografia  |2 scbi 
650 7 |a Prostitute 
650 7 |a Prostituzione  |x Diari e memorie  |2 scbi 
700 1 |a Landi, Sandra  |0 IT\ICCU\CFIV\096406  |4 aut 
830 0 |a Astrea ;  |v 34  |0 IT\ICCU\CFI\0038812 
942 |2 ddc  |c BK  |n 0 
952 |0 0  |1 0  |4 0  |6 DOC_853_914000000000000_COR  |7 0  |9 15165  |a BO  |b BO  |d 2026-01-15  |i 11006  |l 0  |o DOC 853.914 COR  |p BO11006  |r 2026-01-15 23:18:59  |w 2026-01-15  |x [Sebina 5] [1 v.]  |y BK  |z 1 v. 
999 |c 13052  |d 13052